MARC details
| 000 -LEADER |
| fixed length control field |
01357cam a22003374a 4500 |
| 001 - CONTROL NUMBER |
| control field |
2535 |
| 003 - CONTROL NUMBER IDENTIFIER |
| control field |
BD-DhEWU |
| 005 - DATE AND TIME OF LATEST TRANSACTION |
| control field |
20140629200230.0 |
| 008 - FIXED-LENGTH DATA ELEMENTS--GENERAL INFORMATION |
| fixed length control field |
000320s2001 at a g b 001 0 eng d |
| 020 ## - INTERNATIONAL STANDARD BOOK NUMBER |
| International Standard Book Number |
0324050925 |
|
| International Standard Book Number |
0538869399 |
|
| International Standard Book Number |
9780538869393 |
| 035 ## - SYSTEM CONTROL NUMBER |
| System control number |
(OCoLC)43701706 |
| 040 ## - CATALOGING SOURCE |
| Original cataloging agency |
DLC |
| Transcribing agency |
DLC |
| Modifying agency |
DLC |
| -- |
BD-DhEWU |
| Language of cataloging |
eng |
| 041 ## - LANGUAGE CODE |
| Language code of text/sound track or separate title |
eng |
| 050 00 - LIBRARY OF CONGRESS CALL NUMBER |
| Classification number |
HG4026 |
| Item number |
.H34 2001 |
| 082 04 - DEWEY DECIMAL CLASSIFICATION NUMBER |
| Classification number |
657.3 |
| Edition number |
22 |
| Item number |
HAC 2001 |
| 100 1# - MAIN ENTRY--PERSONAL NAME |
| Personal name |
Harrington, Diana R., |
| 9 (RLIN) |
13831 |
| 245 10 - TITLE STATEMENT |
| Title |
Corporate financial analysis : |
| Remainder of title |
in a global environment / |
| Statement of responsibility, etc |
Diana R. Harrington. |
| 250 ## - EDITION STATEMENT |
| Edition statement |
6th ed. |
| 260 ## - PUBLICATION, DISTRIBUTION, ETC. (IMPRINT) |
| Place of publication, distribution, etc |
Australia ; |
| -- |
Cincinnati, Ohio : |
| Name of publisher, distributor, etc |
South-Western College Pub., |
| Date of publication, distribution, etc |
c2001. |
| 300 ## - PHYSICAL DESCRIPTION |
| Extent |
x, 397 p. : |
| Other physical details |
ill. ; |
| Dimensions |
24 cm. |
| 504 ## - BIBLIOGRAPHY, ETC. NOTE |
| Bibliography, etc |
Includes bibliographical references and index. |
| 505 ## - FORMATTED CONTENTS NOTE |
| Title |
TOC |
| Formatted contents note |
Analyzing corporate performance --<br/>Forecasting future needs --<br/>Managing working capital --<br/>Valuation 1: capital budgeting --<br/>Valuation 2: acquisitions and divestitures --<br/>The required rate of return on equity --<br/>Obtaining outside capital. |
| 526 ## - STUDY PROGRAM INFORMATION NOTE |
| Program name |
BA |
| 590 ## - LOCAL NOTE (RLIN) |
| Local note |
Saifun Momota |
| 650 #0 - SUBJECT ADDED ENTRY--TOPICAL TERM |
| Topical term or geographic name as entry element |
Corporations |
| General subdivision |
Finance. |
| 9 (RLIN) |
13832 |
| 856 42 - ELECTRONIC LOCATION AND ACCESS |
| Materials specified |
WorldCat details |
| Uniform Resource Identifier |
https://www.worldcat.org/title/corporate-financial-analysis-in-a-global-environment/oclc/43701706&referer=brief_results |
| 942 ## - ADDED ENTRY ELEMENTS (KOHA) |
| Source of classification or shelving scheme |
Dewey Decimal Classification |
| Koha item type |
Text |